| 000 -LEADER |
| fixed length control field |
00893nam a22001337a 4500 |
| 040 ## - CATALOGING SOURCE |
| Transcribing agency |
RUA |
| 082 ## - DEWEY DECIMAL CLASSIFICATION NUMBER |
| Classification number |
AGR THI 2010 B045 Or.1 |
| 100 ## - MAIN ENTRY--AUTHOR NAME |
| Personal name |
THIM, VANTY. |
| 245 ## - TITLE STATEMENT |
| Title |
occurence of arthropods pests and natureal enemies on cashew trees in the condition of red and sandy soil in stungtrung district, kampongcham province ( សមាសភាពសត្វល្អិតចង្រៃ និងសត្វល្អិតមានប្រយោជន៍លើដំណាំស្វាយចន្ទីក្នុងលក្ខខណ្ឌដីក្រហម និង ដីខ្សាច់ នៅក្នុងស្រុកស្ទឹងត្រង់ ខេត្តកំពង់ចាម) |
| 260 ## - PUBLICATION, DISTRIBUTION, ETC. (IMPRINT) |
| Place of publication |
Phnom Penh |
| Name of publisher |
RUA |
| Year of publication |
2010 |
| 300 ## - PHYSICAL DESCRIPTION |
| Number of Pages |
xi, 49p. |
| Other physical details |
ill. |
| Dimensions |
29cm. |
| 856 ## - ELECTRONIC LOCATION AND ACCESS |
| Uniform Resource Identifier |
https://drive.google.com/file/d/1l-o4tuI0avH_TmiZD48_Lt6P2NOaBBQT/view?usp=sharing |
| 942 ## - ADDED ENTRY ELEMENTS (KOHA) |
| Koha item type |
AGR |
| 952 ## - LOCATION AND ITEM INFORMATION (KOHA) |
| Withdrawn status [LOCAL, KOHA] |
0 |
| 952 ## - LOCATION AND ITEM INFORMATION (KOHA) |
| Withdrawn status [LOCAL, KOHA] |
0 |
| 952 ## - LOCATION AND ITEM INFORMATION (KOHA) |
| Withdrawn status [LOCAL, KOHA] |
0 |
| 952 ## - LOCATION AND ITEM INFORMATION (KOHA) |
| Withdrawn status [LOCAL, KOHA] |
0 |